Statistiche per Capitali africane con mappa

Clicka qui per fare il quiz!

Statistiche generali

  • Questo quiz è stato fatto 71 volte
  • Il punteggio medio è 36 su 54

Risposte nella Mappa

Le risposte nella mappa del quiz sottostante sono codificate secondo una scala di colori dal rosso al verde in base alla % di persone che hanno risposto correttamente.
 

Statistiche sulle risposte

Capitale% Corretto
Algeri
100%
Il Cairo
100%
Rabat
100%
Tunisi
100%
Bloemfontein / Città del Capo / Pretoria
94%
Tripoli
94%
Accra
87%
Addis Abeba
87%
Mogadiscio
87%
Antananarivo
84%
Dakar
84%
Gibuti
84%
Nairobi
81%
Brazzaville
77%
Asmara
74%
Kinshasa
74%
Freetown
71%
Harare
68%
São Tomé
68%
Abuja
65%
Libreville
65%
Luanda
65%
Maputo
65%
Ouagadougou
65%
Praia
65%
Yaoundé
65%
Bissau
61%
Dodoma
61%
Giuba
61%
Khartoum
61%
Kigali
61%
Lomé
61%
Windhoek
61%
Yamoussoukro
61%
Gaborone
58%
Lobamba / Mbabane
58%
Monrovia
58%
N'Djamena
58%
Bamako
55%
Niamey
55%
Port Louis
55%
Banjul
52%
Kampala
52%
Moroni
52%
Porto-Novo
52%
Bangui
48%
Conakry
48%
Gitega
48%
Lilongwe
48%
Maseru
48%
Lusaka
45%
Nouakchott
45%
Malabo
42%
Victoria
42%

Distribuzione punteggi

Percentile per numero di risposta

Percentuale di utenti per punteggio

I tuoi punteggi nel tempo

Non hai fatto questo quiz